| 000 | 00831nam a2200265 i 4500 | ||
|---|---|---|---|
| 001 | bg | ||
| 245 | 0 | 0 |
_aAtlas of thermoanalytical curves. _ced. by G. Liptay ; supervision of diagrams by M. Weltner. _n3, _pTG-, DTG-, DTA-curves measured simultaneously / |
| 260 |
_aBudapest : _bAkadémiai Kiadó, _c1974. |
||
| 300 |
_aSkoroszyt (160 s.) : _bwykr. ; _c25 cm. |
||
| 504 | _aIndeks. | ||
| 650 | 9 |
_aTermochemia _xwykresy |
|
| 650 | 9 |
_aTermochemia _xpomiary |
|
| 650 | 9 |
_aChemia analityczna _xmetody _xstosowanie |
|
| 700 | 1 |
_aLiptay, G. _eRed. |
|
| 700 | 1 |
_aWeltner, M. _eOprac. |
|
| 020 | _a9630502151 (całość) | ||
| 020 | _a963050216X | ||
| 040 | _cBPK | ||
| 041 | 0 | _aeng | |
| 044 | _aHUN | ||
| 920 | _a963-05-0215-1(całość) | ||
| 920 | _a963-05-0216-X | ||
| 942 | _cKS | ||
| 008 | s pl f |000 0 pol | ||
| 999 |
_c49814 _d49814 |
||
| 856 |
_uhttp://koha.tu.koszalin.pl/cgi-bin/koha/opac-detail.pl?biblionumber=49814 _yKatalog online BPK |
||